Jak zvyšovat hospodárnost logistiky

Možnosti racionalizácie doterajších logistických systémov. Znaky efektívnych logistických systémov. Zvyšovanie efektívnosti organizácie práce. Štandardizácia kontinuálneho procesu zlepšovania.

Salvato in:
Dettagli Bibliografici
Autore principale: Kubát, Jiří
Natura: Capitolo di libro
Lingua:ceco
Soggetti:
Tags: Aggiungi Tag
Nessun Tag, puoi essere il primo ad aggiungerne!!

MARC

LEADER 00000naa a2200000 4500
001 r040283
005 20231003122942.7
041 0 |a cze 
044 |a CZ 
245 1 0 |a Jak zvyšovat hospodárnost logistiky  |c Jiří Kubát 
520 |a Možnosti racionalizácie doterajších logistických systémov. Znaky efektívnych logistických systémov. Zvyšovanie efektívnosti organizácie práce. Štandardizácia kontinuálneho procesu zlepšovania. 
610 2 0 |a stratégia podniková 
610 2 0 |a logistika integrovaná 
610 2 0 |a distribúcia 
610 2 0 |a zákazníci 
610 2 0 |a racionalizácia práce 
610 2 0 |a racionalizácia predaja 
610 2 0 |a racionalizácia riadenia 
610 2 0 |a hospodárnosť 
100 1 |a Kubát, Jiří